000 00303nam a22001337a 4500
008 170609b xxu||||| |||| 00| 0 eng d
020 _a9780321029911
041 _aeng
080 _a32
100 _a19
101 _aSHP
245 _aTHE MEDIA IN AMERICAN POLITICS
_cPALETZ.D.L
942 _2udc
_cBK
999 _c16605
_d16605